000 00386nam a2200157Ia 4500
008 220803s9999 xx 000 0 und d
020 _a9780262570060
041 _aeng
082 _a729
100 _aGrooius W.
_926335
245 _aNew Architecture And The Bauhaus.
260 _aLondon
_bMIT Press
_c1965
300 _a112p
500 _a35
650 _aArchitectural Design
_926336
999 _c16876
_d16876